| 000 | 00436nam a2200181Ia 4500 | ||
|---|---|---|---|
| 001 | 11557 | ||
| 008 | 140331s9999 xx 000 0 und d | ||
| 020 | _a0-425-15076-3 | ||
| 040 | _cPK-LaUMT | ||
| 082 |
_a 220.13 _bCAN-D |
||
| 100 | _aCanfield, Jack | ||
| 245 |
_aDare to win _cCanfield, Jack<>Hasen, Mark Victor, J.A. |
||
| 260 | _c1996 | ||
| 300 | _a205 p. | ||
| 546 | _aEN | ||
| 700 | _aHasen, Mark Victor, J.A. | ||
| 942 | _cBK | ||
| 999 |
_c12432 _d12432 |
||